| 000 | 00762nac a22001931u 4500 | ||
|---|---|---|---|
| 020 | _a1574392220 | ||
| 082 |
_a615.7045 _bH2518 |
||
| 090 |
_c1618 _d1618 |
||
| 100 | _aHansten, Philip D. | ||
| 245 |
_aHansten and Horn's managing clinically important drug interactions / _cPhilip D Hansten, John R Horn |
||
| 250 | _a5th Rev. Ed. | ||
| 260 |
_aNew York : _bLippincott Williams & Wilkins,2005 _c2005. |
||
| 300 |
_a736 p. _c23 cm. |
||
| 500 | _aIncludes index. | ||
| 650 |
_aDrug interactions _xHandbooks, manuals, etc. |
||
| 650 |
_aDrug interactions _xhandbooks. |
||
| 942 |
_cBB _k615.7045H2518 |
||
| 999 |
_c1618 _d1618 |
||